Anguished English Quiz Stats

 Plays Quiz Updated Mar 6, 2012

Challenge
Share
Tweet
Embed
Score 0/28 Timer 08:00
0 Plays Today
% Correct
Reader's Digest
88.7%
Cosmopolitan
84.1%
Magazines
82.1%
Sports Illustrated
71%
National Geographic
68.6%
Hercules
63.9%
David Copperfield
61.2%
Family Circle
55.1%
Good Housekeeping
47.8%
Ebenezer Scrooge
47.3%
Constellations
40.9%
Dickens Characters
38.1%
Ursa Major
35.7%
Explorers
35%
% Correct
Sagittarius
34.3%
Amerigo Vespucci
32.8%
Oliver Twist
31.2%
Andromeda
29.8%
Nicholas Nickleby
29.7%
Vasco Da Gama
24%
Cassiopeia
21.4%
Corona Borealis
14.3%
Leif Ericson
14.2%
Hernán Cortés
11.4%
Thor Heyerdahl
9.3%
Martin Chuzzlewit
8.5%
Edwin Drood
7.7%
Roald Amundsen
6.1%

You're not logged in!

Compare scores with friends on all Sporcle quizzes.
OR
Log In

You Might Also Like...

Show Comments

Extras

Top Quizzes Today


Score Distribution

Your Account Isn't Verified!

In order to create a playlist on Sporcle, you need to verify the email address you used during registration. Go to your Sporcle Settings to finish the process.

Report this User

Report this user for behavior that violates our Community Guidelines.

Details: